Pláticas espirituales para religiosas de vida activa y contemplativa

Wedi'i Gadw mewn:
Manylion Llyfryddiaeth
Prif Awdur: Monmenéu y Almiñano, José María (autor)
Fformat: Llyfr
Iaith:Sbaeneg
Cyhoeddwyd: Valencia Imprenta Doménech y Taroncher 1914
Rhifyn:2a. ed
Pynciau:
Tagiau: Ychwanegu Tag
Dim Tagiau, Byddwch y cyntaf i dagio'r cofnod hwn!

MARC

LEADER 00000cam a2200000 a 4500
001 UCD0302
003 CL-VaPUC
008 151120e19140000sp |||||||||||||||||spa|d
082 0 4 |a 234.2  |b MON  |2 21 
100 |a Monmenéu y Almiñano, José María  |e autor  |9 583292 
245 1 0 |a Pláticas espirituales para religiosas de vida activa y contemplativa 
250 |a 2a. ed 
300 |a 921 p 
942 |c BK 
945 |d 20151120 13:39:00  |a gsalatino 
260 |a Valencia  |b Imprenta Doménech y Taroncher  |c 1914 
650 0 |a Vida espiritual  |9 307811 
650 0 |a Fe  |9 308036 
650 0 |a Creencia Religiosa  |9 316904 
650 7 |a RELIGIOSOS  |2 CL-VaPUC  |9 352012 
583 |a last modification  |c 20151120 13:39:00  |k Rodrigo Vera 
999 |c 361868  |d 361866 
952 |0 0  |1 0  |3 erd  |4 0  |6 234_200000000000000_MON_1914  |7 0  |8 P  |9 472611  |a BIBTEO  |b BIBTES  |c TEO_FTES  |i 5271304  |o 234.2 MON 1914  |p 5271304  |r 2024-01-18  |w 2019-11-24  |y BK  |z Catalogado en:20151120  |k ICR 
952 |0 0  |1 0  |3 erd  |4 0  |6 234_200000000000000_MON_1914  |7 0  |8 P  |9 472612  |a BIBTEO  |b BIBTES  |c TEO_FTES  |i 5272769  |o 234.2 MON 1914  |p 5272769  |r 2024-01-18  |w 2019-11-24  |y BK  |z Catalogado en:20151204  |k ICR